<?xml version="1.0" encoding="UTF-8"?>
<record
    xmlns:xsi="http://www.w3.org/2001/XMLSchema-instance"
    xsi:schemaLocation="http://www.loc.gov/MARC21/slim http://www.loc.gov/standards/marcxml/schema/MARC21slim.xsd"
    xmlns="http://www.loc.gov/MARC21/slim">

  <leader>01322nam a22002897a 4500</leader>
  <controlfield tag="003">DO-SdBNP</controlfield>
  <controlfield tag="005">20240305094856.0</controlfield>
  <controlfield tag="007">ta</controlfield>
  <controlfield tag="008">210713e2018    dr ||||er|||| 001 1dspa d</controlfield>
  <datafield tag="020" ind1=" " ind2=" ">
    <subfield code="a">9789945910582</subfield>
  </datafield>
  <datafield tag="040" ind1=" " ind2=" ">
    <subfield code="a">DO-SdBNP</subfield>
    <subfield code="b">spa</subfield>
    <subfield code="c">BNPHU</subfield>
  </datafield>
  <datafield tag="041" ind1=" " ind2=" ">
    <subfield code="h">spa</subfield>
  </datafield>
  <datafield tag="082" ind1=" " ind2="4">
    <subfield code="2">22</subfield>
    <subfield code="b">M379c</subfield>
  </datafield>
  <datafield tag="100" ind1="1" ind2=" ">
    <subfield code="a">Mart&#xED;n Paulino, Jos&#xE9;,</subfield>
    <subfield code="d">1963-</subfield>
    <subfield code="9">34433</subfield>
  </datafield>
  <datafield tag="245" ind1="1" ind2="0">
    <subfield code="a">Cuaderno de serpientes /</subfield>
    <subfield code="c">Mart&#xED;n Paulino. </subfield>
  </datafield>
  <datafield tag="260" ind1=" " ind2=" ">
    <subfield code="a">Santo Domingo :</subfield>
    <subfield code="b">&#xDA;ltimos Monstruos Editores,</subfield>
    <subfield code="c">2018</subfield>
  </datafield>
  <datafield tag="300" ind1=" " ind2=" ">
    <subfield code="a">111 p. ;</subfield>
    <subfield code="c">23 cm</subfield>
  </datafield>
  <datafield tag="490" ind1=" " ind2=" ">
    <subfield code="a">M&#xE1;s all&#xE1; del Espejo;</subfield>
    <subfield code="v">6</subfield>
  </datafield>
  <datafield tag="500" ind1=" " ind2=" ">
    <subfield code="a">Incluye biograf&#xED;a del autor en la solapa de la cubierta.</subfield>
  </datafield>
  <datafield tag="505" ind1="0" ind2="0">
    <subfield code="t">La pel&#xED;cula ciega.--</subfield>
    <subfield code="t">&#xC1;gata.--</subfield>
    <subfield code="t">Danza de la atarraya.--</subfield>
    <subfield code="t">La asunci&#xF3;n de la reina.--</subfield>
    <subfield code="t">Apostas&#xED;a.--</subfield>
    <subfield code="t">Serpiente burocr&#xE1;tica.--</subfield>
    <subfield code="t">El descenso de el &#xE1;guila negra.--</subfield>
    <subfield code="t">La &#xFA;ltima velada.--</subfield>
    <subfield code="t">El ojo del diablo.--</subfield>
    <subfield code="t">Ritual de la perversidad.--</subfield>
    <subfield code="t">Ritual de la abundancia</subfield>
    <subfield code="t">K&#xE1;bala.--</subfield>
    <subfield code="t">El &#xE1;rbol sagrado.--</subfield>
    <subfield code="t">Hijos de la noche.--</subfield>
    <subfield code="t">Par&#xE1;bola del hombre son retorno.--</subfield>
    <subfield code="t">Manjar para culpables.--</subfield>
    <subfield code="t">Memoria ancestral.--</subfield>
    <subfield code="t">Gatronom&#xED;a at&#xED;pica.--</subfield>
  </datafield>
  <datafield tag="590" ind1=" " ind2=" ">
    <subfield code="a">Inventariado 2021 / MF</subfield>
  </datafield>
  <datafield tag="650" ind1=" " ind2="4">
    <subfield code="9">78264</subfield>
    <subfield code="a">Literatura dominicana</subfield>
  </datafield>
  <datafield tag="650" ind1=" " ind2="0">
    <subfield code="9">50038</subfield>
    <subfield code="a">Novela de Ciencia Ficci&#xF3;n </subfield>
    <subfield code="z">Rep&#xFA;blica Dominicana</subfield>
  </datafield>
  <datafield tag="830" ind1=" " ind2=" ">
    <subfield code="a">M&#xE1;s all&#xE1; del Espejo;</subfield>
    <subfield code="l">spa</subfield>
    <subfield code="n">6</subfield>
    <subfield code="9">79195</subfield>
  </datafield>
  <datafield tag="910" ind1=" " ind2=" ">
    <subfield code="a">MFeliz</subfield>
  </datafield>
  <datafield tag="942" ind1=" " ind2=" ">
    <subfield code="2">ddc</subfield>
    <subfield code="c">LBS1</subfield>
  </datafield>
  <datafield tag="952" ind1=" " ind2=" ">
    <subfield code="0">0</subfield>
    <subfield code="1">0</subfield>
    <subfield code="2">ddc</subfield>
    <subfield code="5">1</subfield>
    <subfield code="7">1</subfield>
    <subfield code="8">PD</subfield>
    <subfield code="a">BNPHU</subfield>
    <subfield code="b">PD</subfield>
    <subfield code="c">HD</subfield>
    <subfield code="d">2018-10-17</subfield>
    <subfield code="e">Donado por Rodolfo B&#xE1;ez</subfield>
    <subfield code="l">0</subfield>
    <subfield code="o">M379c</subfield>
    <subfield code="p">2021-25092</subfield>
    <subfield code="r">2021-07-13</subfield>
    <subfield code="w">2021-07-13</subfield>
    <subfield code="y">LFPD</subfield>
  </datafield>
  <datafield tag="952" ind1=" " ind2=" ">
    <subfield code="0">0</subfield>
    <subfield code="1">0</subfield>
    <subfield code="2">ddc</subfield>
    <subfield code="5">1</subfield>
    <subfield code="7">2</subfield>
    <subfield code="8">PD</subfield>
    <subfield code="a">BNPHU</subfield>
    <subfield code="b">PD</subfield>
    <subfield code="c">HD</subfield>
    <subfield code="d">2018-10-17</subfield>
    <subfield code="e">Donado por Rodolfo B&#xE1;ez</subfield>
    <subfield code="l">0</subfield>
    <subfield code="o">M379c</subfield>
    <subfield code="p">2021-25093</subfield>
    <subfield code="r">2021-07-13</subfield>
    <subfield code="t">e.2</subfield>
    <subfield code="w">2021-07-13</subfield>
    <subfield code="y">LFPD</subfield>
  </datafield>
  <datafield tag="952" ind1=" " ind2=" ">
    <subfield code="0">0</subfield>
    <subfield code="1">0</subfield>
    <subfield code="2">ddc</subfield>
    <subfield code="5">6</subfield>
    <subfield code="7">0</subfield>
    <subfield code="8">DS</subfield>
    <subfield code="a">BNPHU</subfield>
    <subfield code="b">GR</subfield>
    <subfield code="c">HD</subfield>
    <subfield code="d">2018-10-17</subfield>
    <subfield code="e">Donado por Rodolfo B&#xE1;ez</subfield>
    <subfield code="l">0</subfield>
    <subfield code="o">M379c</subfield>
    <subfield code="p">2021-25094</subfield>
    <subfield code="r">2021-07-13</subfield>
    <subfield code="t">e.3</subfield>
    <subfield code="w">2021-07-13</subfield>
    <subfield code="y">LFDS</subfield>
  </datafield>
  <datafield tag="999" ind1=" " ind2=" ">
    <subfield code="c">50096</subfield>
    <subfield code="d">50096</subfield>
  </datafield>
</record>
